Behind the angel of history : the "Angelus novus" and its interleaf

2015 -- 1920 -- 1922 -- Epilogue.

Saved in:
Bibliographic Details
Main Author: Bourneuf, Annie (Author, VerfasserIn)
Document Type: Book
Language:English
Published: Chicago ; London : University of Chicago Press , [2022]
Subjects:
Online Access:Inhaltsverzeichnis
Related Items:Erscheint auch als: Behind the Angel of History
Rezensiert in: [Rezension von: Annie Bourneuf, Behind the angel of history - the "Angelus Novus" and its interleaf]
Author Notes:Annie Bourneuf
LEADER 06844cam a2201261 c 4500
001 1762831554
003 DE-627
005 20260302140639.0
007 tu
008 210713s2022 xxu||||| 00| ||eng c
010 |a  2021031020 
020 |a 9780226816708  |q cloth 
020 |a 0226816702 
035 |a (DE-627)1762831554 
035 |a (DE-603)49851577X 
035 |a (DE-599)KXP1762831554 
035 |a (OCoLC)1362873915 
035 |a (OCoLC)1260170850 
040 |a DE-627  |b ger  |c DE-627  |e rda 
041 |a eng 
044 |c XD-US  |c XA-GB 
050 0 |a N6888.K55 
082 0 |a 704.9/4864  |q DLC  |2 23 
082 0 |a 704.94864  |2 DDC23eng 
084 |a KUNST  |q DE-16  |2 fid 
084 |a LI 46559  |2 rvk  |0 (DE-625)rvk/96387:13287 
084 |a 20.31  |2 bkl 
084 |a 20.05  |2 bkl 
100 1 |a Bourneuf, Annie  |d 1979-  |e VerfasserIn  |0 (DE-588)139841598  |0 (DE-627)703483277  |0 (DE-576)313491674  |4 aut 
245 1 0 |a Behind the angel of history  |b the "Angelus novus" and its interleaf  |c Annie Bourneuf 
264 1 |a Chicago  |a London  |b University of Chicago Press  |c [2022] 
264 4 |c © 2022 
300 |a 151 Seiten  |b Illustrationen 
336 |a Text  |b txt  |2 rdacontent 
337 |a ohne Hilfsmittel zu benutzen  |b n  |2 rdamedia 
338 |a Band  |b nc  |2 rdacarrier 
500 |a Includes index 
520 |a 2015 -- 1920 -- 1922 -- Epilogue. 
520 |a "This short book offers a dazzling new interpretation of Paul Klee's most famous work: his Angelus Novus (1920), which was purchased by Walter Benjamin and became the model for his Angel of History, a figure saturated with Jewish mysticism that he introduces in his "Theses on the Philosophy of History." In 2014 the celebrated American artist R. H. Quaytman made a surprising discovery about Klee's work when she examined it at the Jewish Museum in Israel. She realized that Klee had carefully pasted the Angelus down over another image, a face, leaving just a finger's breadth of it showing. Through forensic science and lots of sleuthing it was determined that face belonged to Martin Luther. Behind the Angel of History tells the story of how Quaytman solved the mystery of who lurks behind Klee's angel. It then plunges into questions about why a face long hidden beneath another picture might matter. The book travels through a tangle of loaded conversations among images-from Klee's Angelus to Benjamin's own drawing of a crucified angel, from Klee's Angelus to Quaytman's own layered panels meditating on its secret"-- 
583 1 |a Archivierung/Langzeitarchivierung gewährleistet  |f FID  |x XA-DE-BW  |2 pdager  |5 DE-16 
600 1 0 |a Klee, Paul  |d 1879-1940  |t Angelus novus  |2 DLC 
600 1 0 |a Luther, Martin  |d 1483-1546  |x Portraits  |2 DLC 
600 1 0 |a Benjamin, Walter  |d 1892-1940  |2 DLC 
600 1 0 |a Quaytman, R. H  |q (Rebecca H.)  |2 DLC 
600 1 0 |a Klee, Paul  |d 1879-1940  |t Angelus novus 
600 1 0 |a Luther, Martin  |d 1483-1546  |x Portraits 
600 1 0 |a Benjamin, Walter  |d 1892-1940 
600 1 0 |a Quaytman, R. H  |q (Rebecca H 
600 1 0 |a Benjamin, Walter  |d 1892-1940  |2 fast 
600 1 0 |a Luther, Martin  |d 1483-1546  |2 fast 
600 1 0 |a Quaytman, R. H  |q (Rebecca H  |2 fast 
600 1 7 |0 (DE-588)7522140-8  |0 (DE-627)509683592  |0 (DE-576)253440610  |a Klee, Paul  |d 1879-1940  |t Angelus Novus  |2 gnd 
600 1 7 |0 (DE-588)4293396-1  |0 (DE-627)104193743  |0 (DE-576)210952180  |a Benjamin, Walter  |d 1892-1940  |t Angelus Novus  |2 gnd 
600 1 7 |0 (DE-588)118575449  |0 (DE-627)133813363  |0 (DE-576)162061560  |a Luther, Martin  |d 1483-1546  |2 gnd 
600 1 7 |0 (DE-588)141552727  |0 (DE-627)629952388  |0 (DE-576)324226616  |a Quaytman, R. H.  |d 1961-  |2 gnd 
650 0 |a Jewish art and symbolism  |z Germany  |y 20th century  |2 DLC 
650 0 |a Expressionism (Art)  |z Germany  |y 20th century  |2 DLC 
650 0 |a Angels in art  |2 DLC 
650 0 |a Underdrawing  |2 DLC 
650 0 |a Jewish art and symbolism  |z Germany  |y 20th century 
650 0 |a Expressionism (Art)  |z Germany  |y 20th century 
650 0 |a Angels in art 
650 0 |a Underdrawing 
650 0 |a Expressionnisme (Art)  |z Allemagne  |y 20e siècle 
650 0 |a Anges dans l'art 
650 0 |a Dessin sous-jacent 
650 0 |a underdrawings  |2 aat 
650 0 |a ART / General  |2 bisacsh 
650 0 |a Angels in art  |2 fast 
650 0 |a Expressionism (Art)  |2 fast 
650 0 |a Jewish art and symbolism  |2 fast 
650 0 |a Underdrawing  |2 fast 
650 4 |a Klee, Paul, 1879-1940. Angelus novus 
650 4 |a Luther, Martin, 1483-1546--Portraits 
650 4 |a Benjamin, Walter, 1892-1940 
650 4 |a Quaytman, R. H. (Rebecca H.) 
650 4 |a Jewish art and symbolism--Germany--20th century 
650 4 |a Expressionism (Art)--Germany--20th century 
650 4 |a Angels in art 
650 4 |a Underdrawing 
651 0 |a Germany  |2 fast 
655 0 |a Portraits  |2 fast 
689 0 0 |d p  |0 (DE-588)118509039  |0 (DE-627)133801799  |0 (DE-576)160242886  |a Benjamin, Walter  |d 1892-1940  |2 gnd 
689 0 1 |d s  |0 (DE-588)4128844-0  |0 (DE-627)105714259  |0 (DE-576)209605545  |a Sammlung  |2 gnd 
689 0 2 |d u  |0 (DE-588)7522140-8  |0 (DE-627)509683592  |0 (DE-576)253440610  |a Klee, Paul  |d 1879-1940  |t Angelus Novus  |2 gnd 
689 0 |5 (DE-627) 
689 1 0 |d u  |0 (DE-588)7522140-8  |0 (DE-627)509683592  |0 (DE-576)253440610  |a Klee, Paul  |d 1879-1940  |t Angelus Novus  |2 gnd 
689 1 1 |d s  |0 (DE-588)4049716-1  |0 (DE-627)104675152  |0 (DE-576)209083182  |a Rezeption  |2 gnd 
689 1 2 |d u  |0 (DE-588)4293396-1  |0 (DE-627)104193743  |0 (DE-576)210952180  |a Benjamin, Walter  |d 1892-1940  |t Angelus Novus  |2 gnd 
689 1 |5 (DE-627) 
776 1 |z 9780226816715  |c (ebook) 
776 0 8 |i Erscheint auch als  |n Online-Ausgabe  |a Bourneuf, Annie, 1979 -   |t Behind the Angel of History  |d Chicago : University of Chicago Press, 2022  |h 1 online resource (160 pages)  |w (DE-627)1817956612  |z 9780226816715 
787 0 8 |i Rezensiert in  |t [Rezension von: Annie Bourneuf, Behind the angel of history - the "Angelus Novus" and its interleaf]  |d 2022  |w (DE-627)1813302510 
787 0 8 |i Rezensiert in  |w (DE-603)518341364 
856 4 2 |u https://swbplus.bsz-bw.de/bsz1762831554inh.htm  |m V:DE-576  |m B:DE-16  |v 20230523114522  |3 Inhaltsverzeichnis  |7 1 
936 r v |a LI 46559  |b Monographien und Bildbände zu einzelnen Kunstwerken  |k Kunstgeschichte  |k Künstler-Monografien  |k Alphabetische Künstlerliste  |k Künstler K  |k Klee, Paul (bis 46560)  |k Monographien und Bildbände zu einzelnen Kunstwerken  |0 (DE-627)1270644106  |0 (DE-625)rvk/96387:13287  |0 (DE-576)200644106 
936 b k |a 20.31  |j Bildende Künstler  |0 (DE-627)181571080 
936 b k |a 20.05  |j Kunst in Beziehung zu anderen Wissenschaftsgebieten  |0 (DE-627)106415824 
936 s n |a l300  |2 mzub 
951 |a BO 
990 |a Benjamin, Walter 
990 |a Sammlung 
990 |a Klee, Paul / Angelus Novus 
990 |a Klee, Paul / Angelus Novus 
990 |a Rezeption 
990 |a Benjamin, Walter / Angelus Novus 
991 |a Rezensiertes Werk 
999 |a KXP-PPN1762831554  |e 4489211953